01616nam a2200349 a 4500001001200000003000800012006001900020007001500039008004100054010001700095020001800112020002700130040002100157035002100178050002200199082001200221100002700233245012600260260004200386300001700428504005100445505034500496533015200841600001800993650001201011650002101023650003101044655002901075710001701104856012601121999001901247ebr10492811CaPaEBRm u cr cn|||||||||100524s2010 mdu sb 001 0deng d z 2010021380 z9780765707901 z9780765707925 (e-book) aCaPaEBRcCaPaEBR a(OCoLC)75023618114aBJ45b.R55 2010eb04a1702221 aRiker, John H.,d1943-10aWhy it is good to be goodh[electronic resource] :bethics, Kohut's self psychology, and modern society /cJohn H. Riker. aLanham, Md. :bJason Aronson,cc2010. axiii, 177 p. aIncludes bibliographical references and index.0 aThe moral problem of modernity -- Kohut's theory of the self -- Kohut and the philosophic tradition -- A new metapsychology : Freud, Aristotle, Heidegger, and Kohut -- Why it is good to be good -- A self psychological vision of ethical life -- Self psychology and modernity : actualizing self in the age of desire -- Social transformations. aElectronic reproduction.bPalo Alto, Calif. :cebrary,d2011.nAvailable via World Wide Web.nAccess may be limited to ebrary affiliated libraries.10aKohut, Heinz. 0aEthics. 0aSelf psychology. 0aPsychology and philosophy. 7aElectronic books.2local2 aebrary, Inc.40uhttp://site.ebrary.com/lib/rucke/Doc?id=10492811zAn electronic book accessible through the World Wide Web; click to view c125390d125390